01688nam a22002897a 4500008004100000020001800041082001800059100002800077245007600105260008900181300003100270505059700301546001400898600005300912650005700965650002001022650003001042700003301072700003001105700002301135700002701158700003201185700002301217700002801240999001301268952011701281150831b xxu||||| |||| 00| 0 eng d a9782711836871 a707.4bB777-l aBourgeois, Louise93508 aLouise Bourgeois : oeuvres récentes = recent works.cLouise Bourgeois a[Bordeaux] :bCapcMusée d'art contemporain de Bordeaux/Serpentine Gallery,c[1997] a131 p.bill. (col.)c28 cm tPréface, foreword / Henry-Claude Cousseau; Julia Peyton-Jones; Bera Nordal y Margarida Veiga - Derriére la tapisserie = Behind the tapestry / Marie-Laure Bernadac - Oeuvres récentes = Recent Works - Effets personnels d`une femme sans secrets = The personal effects of a woman with no secrets / Louise Neri - L.B.: de l`Indicible, des lames, des tissus et de la mode = L.B.: of unmentionable, blades, fabrics and fashion / Paulo Herkenhoff - Bigraphie illustrée =Ilustrated biography - Bibliographie sélective = Selected bibliography - Liste des oeuvres exposées = List of Works.  aFrancés aBourgeois, Louiseb1911-2010vExhibiciones93509 aMuseo de Arte Contemporáneo de Burdeosy199893515 aEscultura93516 aArte Contemporáneo9977 aCousseau, Henry-Claude93510 aPeyton-Jones, Julia93511 aNordal, Bera93512 aVeiga, Margarida93513 aBernadac, Marie-Laure93149 aNeri, Louise93514 aHerkenhoff, Paulo93073 c734d734 00102ddc4070aLVbLVcMonografíasd2015-08-31l0o707.4 B777-lp004118r2015-08-31 00:00:00w2015-08-31y01